Statistiques concernant Paroles "Pour les hommes" - Vaiana (Disney)

Cliquez ici pour prendre le quiz!

Statistiques générales

  • Ce quiz a été pris 154 fois
  • Le résultat moyen est 278 sur 351

Statistiques - réponses

Réponse% Correct
le
97%
les
97%
Les
97%
Je
96%
je
96%
pour
96%
Pour
96%
ce
95%
hommes
94%
hommes,
94%
ces
93%
J'ai
93%
j'ai
93%
De
92%
de
92%
la
92%
à
91%
a
91%
c'est
91%
C'est
91%
ma
91%
un
91%
Un
91%
vous,
91%
Vous
91%
vous
91%
que
89%
Que
89%
il
87%
l'un
87%
se
87%
suis
86%
tout
86%
demi-dieu
85%
demi-dieu,
85%
Et
85%
et
85%
moi
85%
moi,
85%
85%
pas,
85%
pas
85%
si
85%
te
85%
Tu
85%
fait
84%
créé
83%
dire ?
83%
mer
83%
Qui
83%
qui
83%
vrai
82%
bien
81%
l'univers
81%
ne
81%
Oui,
81%
oui
81%
s'en
81%
Comment
80%
drôle,
80%
drôle
80%
beau,
79%
cocotier
79%
des
79%
face
79%
feu ?
79%
naturel,
79%
naturel
79%
passe
79%
peau,
79%
soleil
79%
toute
79%
deux
78%
dieu
78%
ils
78%
Ils
78%
Maui
78%
Maui,
78%
nous
78%
perfection,
78%
sur
78%
Sur
78%
au
77%
Ça
77%
fort
77%
rare
77%
vent
77%
allé
76%
îles
76%
l'ai
76%
plus
76%
tous
76%
très
76%
bizarre
75%
comprends
75%
du
75%
Etre
75%
l'océan
75%
ordinaire,
75%
adorable
74%
corps
74%
d'enfant
74%
est
74%
humains
74%
jeu
74%
peux
74%
sont
74%
une
74%
vagues,
74%
voilà
74%
aiment
73%
chercher
73%
C'était
72%
danse,
72%
danse.
72%
mes
72%
changent
71%
jours
71%
froid
70%
lasso
70%
l'origine
70%
m'en
70%
Quand
70%
stars
70%
t'sens
70%
l'plus
69%
boire
68%
cheveux,
68%
devise
68%
heureux,
68%
longs
68%
maintenant,
68%
n'est
68%
Ouvre
68%
parti
68%
petit
68%
phénomènes
68%
rendre
68%
simplement
68%
yeux,
68%
Mais
67%
pincer,
67%
poser
67%
rien,
67%
rien
67%
attiré
66%
bateau
65%
brise
65%
l'histoire ?
65%
morale
65%
soulevé
65%
cieux ?
64%
dansiez
64%
d'énergumène
64%
belle
63%
fresque
63%
Oh,
63%
Pendant
63%
sensationnel
63%
vais,
63%
beaux
62%
titanesques
62%
vraiment
62%
enterrée.
61%
fleurs,
61%
mini-moi
61%
ah,
60%
Ah,
60%
j'aille,
60%
ses
60%
voulais
60%
l'avouer
59%
loin
59%
Loin
59%
qu'un
59%
aller,
58%
cadence.
58%
leçon,
58%
donne
57%
exploits
55%
Merci,
55%
pouces
55%
peuvent
53%
Respecte
53%
D'accord,
51%
d'accord
51%
flots
51%
tué
51%
Après
50%
ciao.
50%
m'offrir
50%
monde
50%
super
50%
Ha,
49%
Hula,
49%
merveilleux
49%
eh
48%
doit
45%
hey.
45%
l'anguille,
45%
veux
45%
offrir
41%
Leur
38%
Cette
37%
fois
36%
d'aller
28%
rêver
14%

Distribution des résultats

Percentile par nombre de réponses

% des personnes avec chaque résultat

Votre développement - résultats

Vous n’avez pas pris ce quiz